|
|
|
|
| LEADER |
03184nam a2200805 i 4500 |
| 001 |
nkc20152754524 |
| 003 |
CZ PrNK |
| 005 |
20160909092309.0 |
| 007 |
ta |
| 008 |
151124s2015 xr ach e 001 0bcze |
| 015 |
|
|
|a cnb002754524
|
| 020 |
|
|
|a 978-80-905984-2-3
|q (vázáno)
|z 9788090598423
|
| 035 |
|
|
|a (OCoLC)944218003
|
| 040 |
|
|
|a OLA001
|b cze
|e rda
|
| 043 |
|
|
|a e-xr---
|b e-xr-pa
|2 czenas
|
| 045 |
|
|
|a x1x9
|
| 072 |
|
7 |
|a 323
|x Vnitropolitický vývoj, politický život
|2 Konspekt
|9 15
|
| 072 |
|
7 |
|a 929
|x Biografie
|2 Konspekt
|9 8
|
| 080 |
|
|
|a 323.25/.26:329.18
|2 MRF
|
| 080 |
|
|
|a 929
|2 MRF
|
| 080 |
|
|
|a 94(437.3)"1941/1942"
|2 MRF
|
| 080 |
|
|
|a 327.88
|2 MRF
|
| 080 |
|
|
|a 17.024
|2 MRF
|
| 080 |
|
|
|a 343.101-021.191
|2 MRF
|
| 080 |
|
|
|a (437)
|2 MRF
|
| 080 |
|
|
|a 94(437.314)
|2 MRF
|
| 080 |
|
|
|a (0:82-96)
|2 MRF
|
| 080 |
|
|
|a (092)
|2 MRF
|
| 080 |
|
|
|a (093)
|2 MRF
|
| 100 |
1 |
|
|a Kotyk, Jiří,
|d 1946-
|7 jn20000401436
|4 aut
|
| 245 |
1 |
0 |
|a Hana a Václav Krupkovi, pardubičtí spolupracovníci SILVER A :
|b legenda a skutečnost /
|c Jiří Kotyk
|
| 246 |
1 |
8 |
|a Hana a Václav Krupkovi - legenda a skutečnost
|
| 250 |
|
|
|a 2. rozšířené vydání
|
| 264 |
|
1 |
|a Pardubice :
|b Evropské vydavatelství s.r.o.,
|c 2015
|
| 300 |
|
|
|a 192 stran :
|b ilustrace, portréty, faksimile ;
|c 24 cm
|
| 336 |
|
|
|a text
|b txt
|2 rdacontent
|
| 337 |
|
|
|a bez média
|b n
|2 rdamedia
|
| 338 |
|
|
|a svazek
|b nc
|2 rdacarrier
|
| 500 |
|
|
|a Vydáno k 70. výročí vítězství nad německým nacismem
|
| 504 |
|
|
|a Obsahuje bibliografii, bibliografické odkazy a rejstřík
|
| 600 |
1 |
7 |
|a Krupková-Schusterová, Hana,
|d 1920-1997
|7 jx20110808007
|2 czenas
|
| 600 |
1 |
7 |
|a Krupka, Václav,
|d 1914-1994
|7 jx20110808006
|2 czenas
|
| 610 |
2 |
7 |
|a Silver A (paraskupina)
|7 kn20090430003
|2 czenas
|
| 648 |
|
7 |
|a 1939-1945
|7 ch460653
|2 czenas
|
| 648 |
|
7 |
|a 1948-1989
|7 ch460661
|2 czenas
|
| 650 |
0 |
7 |
|a protifašistický odboj
|7 ph115901
|z Československo
|y 1939-1945
|2 czenas
|
| 650 |
0 |
7 |
|a heydrichiáda (1941-1942 : Česko)
|7 ph567499
|2 czenas
|
| 650 |
0 |
7 |
|a kolaborace
|7 ph121705
|z Československo
|y 1939-1945
|2 czenas
|
| 650 |
0 |
7 |
|a kolaborace
|7 ph121705
|z Československo
|y 1948-1989
|2 czenas
|
| 650 |
0 |
7 |
|a vina
|7 ph127104
|2 czenas
|
| 650 |
0 |
7 |
|a křivá obvinění
|7 ph158344
|2 czenas
|
| 650 |
0 |
9 |
|a anti-fascist movements
|z Czechoslovakia
|y 1939-1945
|2 eczenas
|
| 650 |
0 |
9 |
|a Heydrich terror (1941-1942, Czechia)
|2 eczenas
|
| 650 |
0 |
9 |
|a collaborationism
|z Czechoslovakia
|y 1939-1945
|2 eczenas
|
| 650 |
0 |
9 |
|a collaborationism
|z Czechoslovakia
|y 1948-1989
|2 eczenas
|
| 650 |
0 |
9 |
|a guilt
|2 eczenas
|
| 650 |
0 |
9 |
|a false accusations
|2 eczenas
|
| 651 |
|
7 |
|a Pardubice (Česko)
|7 ge130369
|x dějiny
|y 1939-1945
|2 czenas
|
| 651 |
|
9 |
|a Pardubice (Czechia)
|x history
|y 1939-1945
|2 eczenas
|
| 655 |
|
7 |
|a literatura faktu
|7 fd132773
|2 czenas
|
| 655 |
|
7 |
|a biografie
|7 fd131909
|2 czenas
|
| 655 |
|
7 |
|a dokumenty
|7 fd132064
|2 czenas
|
| 655 |
|
9 |
|a non-fiction
|2 eczenas
|
| 655 |
|
9 |
|a biography
|2 eczenas
|
| 655 |
|
9 |
|a documents
|2 eczenas
|
| 910 |
2 |
|
|a BOA001
|b 2-1360.137
|
| 990 |
|
|
|a BK
|
| 995 |
|
|
|a 01
|
| 991 |
|
|
|b 201601
|c NOV
|
| 996 |
6 |
|
|b 2610656229
|c 2-1360.137
|l MZK
|r Sklad / do 1 hodiny
|n 7
|p p.v.
|w 001539857
|u 000010
|a 1
|e BOA001
|j MZK50
|s P
|